| 000 | 02156cam a22005414i 4500 | ||
|---|---|---|---|
| 003 | PE-LiUPU | ||
| 005 | 20250731165517.0 | ||
| 008 | 190808s2018 pe a rb 000 0 spa d | ||
| 020 | _a612315527X | ||
| 020 | _a9786123155278 | ||
| 035 | _a(Sirsi) a252430 | ||
| 040 |
_aPE-LiUPU _bspa _cPE-LiUPU _erda |
||
| 049 | _aPRUA | ||
| 082 | 0 | 4 |
_a001.42 _bM69 _220 |
| 100 | 1 |
_aMoisés Ríos, Billy Williams, _eautor. |
|
| 245 | 1 | 0 |
_aDiseño del proyecto de investigación científica / _cBilly Williams Moisés Ríos ; coautores Jimmy Homero Ango Bedriñana, Víctor Alexander Palomino Vargas, Eloy Esteban Feria Macizo. |
| 250 | _aPrimera edición. | ||
| 264 | 1 |
_aLima : _bSan Marcos, _c2018. |
|
| 300 |
_a246 páginas : _bilustraciones ; _c24 centímetros |
||
| 336 |
_atext _2rdacontent |
||
| 337 |
_aunmediated _2rdamedia |
||
| 338 |
_avolume _2rdacarrier |
||
| 504 | _aBibliografía: páginas 217-226. | ||
| 505 | 0 | _aConocimiento y ciencia -- Nociones básicas sobre investigación -- Investigación científica -- El problema de investigación científica -- Marco bibliográfico -- Hipótesis -- Medición y variables -- Marco metodológico -- Población y muestra -- Técnicas e instrumentos de recolección de datos -- Validez y confiabilidad de instrumentos de medición -- Administración del proyecto de investigación. | |
| 526 | _aSEG44 | ||
| 526 | _aSEG26 | ||
| 526 | _aP151 | ||
| 526 | _aP150 | ||
| 526 | _aP149 | ||
| 526 | _aP146 | ||
| 526 | _aP145 | ||
| 526 | _aP126 | ||
| 526 | _aP125 | ||
| 526 | _aP92 | ||
| 526 | _aP75 | ||
| 526 | _aP74 | ||
| 526 | _aP27 | ||
| 526 | _aP15 | ||
| 541 | _g002-00001572; | ||
| 650 | 0 | 4 | _aInvestigación. |
| 650 | 0 | 4 |
_aInvestigación _xMetodología. |
| 910 |
_abgr _bncf _cncf _d20190808 |
||
| 942 |
_2ddc _cBOOK |
||
| 994 |
_aC0 _bPEPRU |
||
| 598 | _aCATALOGING | ||
| 596 | _a1 | ||
| 999 |
_a001.42 M69 _wDEWEY _c31657 _i80133 _d31657 _f2021-11-4 _g3 _lCCODEBUL1 _mBUL _p7.39 _q1 _r0 _sY _tBOOK _u2019-8-8 _xBIBLIOTECA _PP33 _0COMPRA _1FCOMPR3 _o.STAFF. Colección Ciencias Empresariales |
||
| 980 |
_81 _gALBERTO SANCHEZ Responsable de Automatización |
||